| 000 | 00817nam a22002057a 4500 | ||
|---|---|---|---|
| 005 | 20250221095246.0 | ||
| 008 | 250219b ||||| |||| 00| 0 eng d | ||
| 020 | _a9781484284124 | ||
| 040 | _cAL | ||
| 041 | _aeng | ||
| 082 |
_223 _a330.015195 _bHULM |
||
| 100 |
_aIsaiah, Hull _9201383 |
||
| 245 |
_aMachine learning for economics and fiancé in tensorflow 2 _b: deep learning models for research and industry |
||
| 260 |
_aNacka _bApress _c2025 |
||
| 300 |
_axiii,368p. _bPB _c24x15cm. |
||
| 365 |
_2General _a6383 _b₹719.20 _c₹ _d₹899.00 _e20% _f06/02/2025 |
||
| 520 | _aTensorFlow 2; Machine learning and economics;Regression;Trees;Image Classification; Text Data; Time Series; Dimensionality Reduction; Generative Models; Theoretical Models. | ||
| 650 |
_2Economics _aEconomics _9201384 |
||
| 942 |
_2ddc _cBK |
||
| 999 |
_c233843 _d233843 |
||